000 00421nam a22001697a 4500
003 NUST - PNEC
005 20170116180916.0
008 150903b xxu||||| |||| 00| 0 eng d
020 _a0713136340
040 _cLIBRARY
082 _a620.1127 HAL
100 _97464
_aHalmshaw, R
245 _aNon-destructive testing
_cR Halmshaw
260 _cc.1987
650 _97468
_aNondestructive testing
_xME
942 _2ddc
_cBK
999 _c65474
_d65474